| 000 | 00375nam a22001457a 4500 | ||
|---|---|---|---|
| 999 |
_c1124 _d1124 |
||
| 008 | 200110b ||||| |||| 00| 0 eng d | ||
| 082 | 0 | 0 |
_a531 _bS6342 |
| 100 |
_9435 _aSloane, Alvin. |
||
| 245 | 1 | 0 |
_aFundamentals of engineering mechanics _cby Alvin Sloane |
| 250 | _a1st | ||
| 260 |
_aNew York _bPrentice Hall _c1947 |
||
| 300 | _axi,379p | ||
| 650 | 0 | _aMechanics | |
| 942 | _cBK | ||